| 000 | 00747nam a2200217Ii 4500 | ||
|---|---|---|---|
| 003 | JO-AjNU | ||
| 008 | 230605s9999||||xx |||||||||||||| ||und|| | ||
| 017 | _a2011/10125 | ||
| 020 | _a978-977-438-220-2 | ||
| 040 |
_aJO-AjNU _bara _erda _cJO-AjNU |
||
| 041 | _aara | ||
| 050 | 1 | 4 | _aBF636.6.A436.2012 |
| 100 | 3 |
_aاعداد علام، منتصر, _eauthor _944419 |
|
| 245 | 0 | 0 | _aالإرشاد النفسي العقلاني الانفعالي السلوكي :النظرية والتطبيق |
| 264 | 3 | 1 | _aد.م:المكتب الجامعي الحديث ،2012 |
| 300 | _a318ص | ||
| 336 |
_atext _btxt _2rdacontent |
||
| 337 |
_aunmediated _bn _2rdamedia |
||
| 338 |
_avolume _bnc _2rdacarrier |
||
| 650 | 4 |
_aالارشاد النفسي _944420 |
|
| 999 |
_aA19179 _c22747 _d22747 |
||